Sintomatología de las enfermedades internas y su valor por el diagnóstico diferencial / (Record no. 81082)

MARC details
000 -LEADER
campo de control de longitud fija 00836nam a2200205 i 4500
001 - NÚMERO DE CONTROL
campo de control 81082
003 - IDENTIFICADOR DE NÚMERO DE CONTROL
campo de control ES-MaACL
005 - FECHA Y HORA DE LA ÚLTIMA TRANSACCIÓN
campo de control 20231205205044.0
007 - CAMPO FIJO DE DESCRIPCIÓN FÍSICA--INFORMACIÓN GENERAL
campo de control de longitud fija t|
008 - DATOS DE LONGITUD FIJA--INFORMACIÓN GENERAL
campo de control de longitud fija 041102s1941 sp ||||1| spa d
100 1# - ENTRADA PRINCIPAL--NOMBRE DE PERSONA
Nombre de persona Holler, Gottfried.
9 (RLIN) 64033
245 10 - MENCIÓN DEL TÍTULO
Título Sintomatología de las enfermedades internas y su valor por el diagnóstico diferencial /
Mención de responsabilidad, etc. por Gottfried Holler y Robert Pfleger ; con un apéndice relativo a Sintomatología Roentgenológica por Rudolf Pape ; versión española por Juan Rof Carballo.
260 ## - PUBLICACIÓN, DISTRIBUCIÓN, ETC.
Lugar de publicación, distribución, etc. Barcelona :
Nombre del editor, distribuidor, etc. Labor,
Fecha de publicación, distribución, etc. 1941 (
Fabricante Talls. Gráfs. Ibero-Américanos)
300 ## - DESCRIPCIÓN FÍSICA
Extensión XXIV, 1174 p. :
Otras características físicas il. ;
Dimensiones 26 cm.
700 1# - ENTRADA AGREGADA--NOMBRE PERSONAL
Nombre de persona Pfleger, Robert.
9 (RLIN) 91639
700 1# - ENTRADA AGREGADA--NOMBRE PERSONAL
Nombre de persona Pape, Rudolf.
9 (RLIN) 88866
700 1# - ENTRADA AGREGADA--NOMBRE PERSONAL
Nombre de persona Rof Carballo, Juan,
Fechas asociadas al nombre 1905-1994
9 (RLIN) 98915
852 ## - LOCALIZACIÓN
Ubicación ES-MaACL
Número de control de estantería E-125
Sublocalización o colección R.20456
Holdings
Estatus retirado Estado de pérdida Estado de daño No para préstamo Biblioteca de origen Biblioteca actual Ubicación en estantería Fecha de adquisición Fuente de adquisición Total de préstamos Signatura topográfica completa Código de barras Visto por última vez Precio de reemplazo Tipo de ítem Koha
        Biblioteca del Ateneo de Madrid Biblioteca del Ateneo de Madrid Depósito 2 17/01/2008     E-125 1084760 23/02/2023 23/02/2023 Libro impreso